000 00695nam a2200241 a 4500
001 14247
003 BD-JhCC
005 20250224123540.0
008 250224b19982005e a|||| ||a| 001 0 eng d
020 _a0521563925
035 _a(BD-JhCC)14247
040 _aBD-JhCC
_dBD-JhCC
041 _aenglish
082 _a511.8
_bBOR 1998
100 _aBorodin,Allan
245 _aOnline computation and competitive analysis /
_cAllan Borodin, Ran El-Yaniv.
260 _aLondon:
_bCambridge University Press;
_c1998.
300 _axviii, 414 p. :
_bill. ;
_c25 cm.
650 _a Mathematical Algorithms & Computational Methods
700 _aEl-Yaniv, Ran
942 _2ddc
_cBK
999 _c14247
_d14247